| 000 | 02627nam0a2200397 4500 | ||
|---|---|---|---|
| 001 | RU\NLR\BIBL_A\012568211 | ||
| 005 | 20211215104835.0 | ||
| 010 |
_a978-5-7995-1109-8 _950 |
||
| 021 |
_aRU _bКН-П-21-017706 _9КН-П-21-1389 |
||
| 035 | _a(NLR Aleph) 012568211 | ||
| 090 |
_a12482723 _c12482723 |
||
| 100 | _a20210722d2020 u y0rusy50 ca | ||
| 101 | 0 | _arus | |
| 102 | _aRU | ||
| 105 | _aa|||j|||000zy | ||
| 181 | 0 |
_ai _baxxe |
|
| 182 | 0 | _an | |
| 200 | 1 |
_aМеханика торфа и торфяной залежи _eучебное пособие _fБ. Ф. Зюзин, А. И. Жигульская, С. А. Юдин _gпод ред.: профессора Б. Ф. Зюзина _gМинобрнауки России, Федеральное государственное бюджетное образовательное учреждение высшего образования Тверской государственный технический университет"" (ТвГТУ) |
|
| 203 |
_aТекст _bвизуальный _cнепосредственный |
||
| 210 |
_aТверь _cРедакционно-издательский центр Тверского государственного технического университета _d2020 |
||
| 215 |
_a111, [1] с. _cил. _d21 |
||
| 320 | _aБиблиогр.: с. 102-111 (112 назв.) | ||
| 606 | 1 |
_aТорф _jУчебные издания для высших учебных заведений _xДобыча _xФизико-химические основы _91828267 _3RU\NLR\AUTH\661118644 |
|
| 606 | 1 |
_aТорф _jУчебные издания для высших учебных заведений _xРезание _xТеория _92400788 _3RU\NLR\AUTH\6601650866 |
|
| 606 | 1 |
_aТорфяные залежи _jУчебные издания для высших учебных заведений _xРазработки _91873774 _3RU\NLR\AUTH\661141689 |
|
| 606 | 1 |
_aТорфяные залежи _jУчебные издания для высших учебных заведений _xФизико-механические свойства _91873841 _3RU\NLR\AUTH\661141724 |
|
| 686 | 1 | _aД453.4-44я73 | |
| 686 | 1 | _aИ35-1я73-1 | |
| 700 | 1 |
_7ca _8rus _aЗюзин _bБ. Ф. _f1952- _gБорис Федорович _995051 _3RU\NLR\AUTH\77112126 |
|
| 701 | 1 |
_aЖигульская _bА. И. _gАлександра Ивановна |
|
| 701 | 1 |
_aЮдин _bС. А. _gСергей Алексеевич |
|
| 942 | _cBOOK | ||
| 980 | _aNBR | ||
| 980 | _aNB | ||